Premier League Appearances by Nationality: Scotland - Statistics

General Stats
  • This quiz has been taken 17 times
  • The average score is 2 of 10
Answer Stats
Appearances Player % Correct
322 Andy Robertson
93%
341 Darren Fletcher
57%
269 Duncan Ferguson
57%
325 Gary McAllister
14%
311 James Morrison
7%
276 Dominic Matteo
0%
323 James McArthur
0%
247 Neil Sullivan
0%
319 Paul Telfer
0%
303 Phil Bardsley
0%
No matching quizzes found
Score Distribution
Percent of People with Each Score
Percentile by Number Answered
Your Score History
You have not taken this quiz